LEADER 01992nam 2200625Ia 450 001 9910463865903321 005 20200520144314.0 010 $a1-280-69738-5 010 $a9786613674340 010 $a0-8093-3068-7 035 $a(CKB)3170000000046396 035 $a(OCoLC)784949397 035 $a(CaPaEBR)ebrary10551766 035 $a(SSID)ssj0000601787 035 $a(PQKBManifestationID)11390284 035 $a(PQKBTitleCode)TC0000601787 035 $a(PQKBWorkID)10566767 035 $a(PQKB)11281234 035 $a(MiAaPQ)EBC1354558 035 $a(MdBmJHUP)muse3631 035 $a(Au-PeEL)EBL1354558 035 $a(CaPaEBR)ebr10551766 035 $a(CaONFJC)MIL367434 035 $a(OCoLC)856870418 035 $a(EXLCZ)993170000000046396 100 $a20110505d2012 uy 0 101 0 $aeng 135 $aurcn||||||||| 181 $ctxt 182 $cc 183 $acr 200 10$aRhetorical delivery as technological discourse$b[electronic resource] $ea cross-historical study /$fBen McCorkle 210 $aCarbondale $cSouthern Illinois University Press$dc2012 215 $a1 online resource (226 p.) 300 $aBibliographic Level Mode of Issuance: Monograph 311 $a0-8093-3067-9 320 $aIncludes bibliographical references and index. 606 $aRhetoric$xData processing 606 $aComputers and literacy 606 $aRhetoric$xStudy and teaching$xHistory 606 $aLiteracy$xStudy and teaching$xHistory 608 $aElectronic books. 615 0$aRhetoric$xData processing. 615 0$aComputers and literacy. 615 0$aRhetoric$xStudy and teaching$xHistory. 615 0$aLiteracy$xStudy and teaching$xHistory. 676 $a808 700 $aMcCorkle$b Ben$f1974-$0903201 801 0$bMiAaPQ 801 1$bMiAaPQ 801 2$bMiAaPQ 906 $aBOOK 912 $a9910463865903321 996 $aRhetorical delivery as technological discourse$92019027 997 $aUNINA LEADER 02809nam 22006013a 450 001 9910330345703321 005 20211214195611.0 010 $a9788490962466 010 $a8490962464 035 $a(CKB)4100000008622531 035 $a(OAPEN)1005194 035 $a(ScCtBLL)30881c9e-8938-48ea-a034-22313c97d7c1 035 $a(FrMaCLE)OB-cvz-7772 035 $a(oapen)https://directory.doabooks.org/handle/20.500.12854/29723 035 $a(PPN)237500221 035 $a(Perlego)2335914 035 $a(EXLCZ)994100000008622531 100 $a20211214i20112019 uu 101 0 $afre 135 $auuuuu---auuuu 181 $ctxt$2rdacontent 182 $cc$2rdamedia 183 $acr$2rdacarrier 200 00$aMissions d'e?vange?lisation et circulation des savoirs : $eXVIe-XVIIIe sie?cle /$fCharlotte de Castelnau-l'Estoile, Marie-Lucie Copete, Aliocha Maldavsky, Ines G. Z?upanov 210 $cCasa de Velázquez$d2011 210 1$a[s.l.] :$cCasa de Vela?zquez,$d2011. 215 $a1 online resource (1 p.) 311 08$a9788496820524 311 08$a8496820521 330 $aQuels furent les savoirs utilise?s, diffuse?s et produits par les missionnaires catholiques, a? partir du milieu du XVIe sie?cle, aussi bien en Europe, qu'en Ame?rique, en Asie et en Afrique? Dans quelle mesure l'entreprise d'e?vange?lisation des a?mes, juge?es par les missionnaires comme pai?ennes, he?re?tiques ou simplement indiffe?rentes, a-t-elle participe? a? l'aventure moderne de la circulation des savoirs? Ces questions inte?ressent aussi bien l'histoire sociale et culturelle des missions que l'histoire des empires et des socie?te?s coloniales ou l'histoire intellectuelle. Elles conduisent a? re?fle?chir sur la manie?re dont l'Europe, a? l'e?poque moderne, est entre?e en relation avec d'autres espaces. A? la croise?e des croyances et des connaissances, les missions d'e?vange?lisation ont suscite? de profonds changements dans l'architecture des savoirs et ont paradoxalement participe? a? la se?cularisation de la conception du monde. 606 $aHistory of religion$2bicssc 610 $aHistory 610 $a3JF 610 $a3JD 610 $a3JB 610 $aHBLH 610 $aHBG 610 $aColonisation 610 $aÉvangélisation 610 $aSavoir 610 $aMissions 615 7$aHistory of religion 700 $aCastelnau-l'Estoile$b Charlotte de$4edt$0790720 702 $ade Castelnau-l'Estoile$b Charlotte 702 $aCopete$b Marie-Lucie 702 $aMaldavsky$b Aliocha 702 $aZ?upanov$b Ines G 801 0$bScCtBLL 801 1$bScCtBLL 906 $aBOOK 912 $a9910330345703321 996 $aMissions d'e?vange?lisation et circulation des savoirs$93359683 997 $aUNINA